| 000 | 01647nam0a2200349 4500 | ||
|---|---|---|---|
| 001 | RU\NLR\b_ik\189548 | ||
| 005 | 20250616231039.0 | ||
| 035 | _a(NLR Aleph) 002262017 | ||
| 090 |
_a3832443 _c3832443 |
||
| 100 | _a20110418d2011 |||y0rusy50 ca | ||
| 101 | 0 |
_aeng _drus |
|
| 102 | _aRU | ||
| 105 | _aa ||||||||| | ||
| 200 | 1 |
_aTwo- and three-body uncertainty in the spontaneous nuclear fission process _fB.L. Gorshkov, G.E. Solyakin |
|
| 210 |
_aGatchina _cПИЯФ _d2011 |
||
| 215 |
_a27 с. _cил. _d20 |
||
| 225 | 1 |
_aReport _fRuss. acad. of sciences, Petersburg nuclear physics inst. _v2859. ПИЯФ-2011 |
|
| 300 | _aНа обороте тит. л.: Двух- и трехтельная неопределенность в процессе спонтанного ядерного деления / Б.Л. Горшков, Г.Е. Солякин | ||
| 300 | _aНа обл. надзаг. на рус. яз. | ||
| 300 | _aРез. на рус. яз. | ||
| 320 | _aБиблиогр.: с. 26-27 (7 назв.) | ||
| 517 | 0 | _aДвух- и трехтельная неопределенность в процессе спонтанного ядерного деления | |
| 606 | 1 |
_aКалифорний _xИзотопы _xСпонтанное деление ядер _92282436 _3RU\NLR\AUTH\661367394 |
|
| 606 | 1 |
_aКалифорний _xИзотопы _xОсколки деления _92187351 _3RU\NLR\AUTH\661315066 |
|
| 686 | 1 | _aВ383.28 | |
| 700 | 1 |
_aGorškov _bB. L. _4070 |
|
| 701 | 1 |
_aSoljakin _bG. E. _4070 |
|
| 801 | 0 |
_aRU _bNLR _c20110418 _gRCR |
|
| 942 | _cBOOK | ||
| 980 | _aNB | ||